[Event "IBCA Wch blind 14th"]
[Site "Cagliari"]
[Date "2019.04.14"]
[Round "9"]
[White "Tonteri, Ari"]
[Black "Rositsan, Boris"]
[Result "0-1"]
[WhiteElo "1870"]
[BlackElo "2069"]
[PlyCount "85"]
[EventDate "2019.04.06"]
[EventType "swiss"]
[EventRounds "9"]
[EventCountry "ITA"]
[SourceTitle "CBM 189 Extra"]
[Source "ChessBase"]
[SourceDate "2019.06.03"]
[SourceVersion "1"]
[SourceVersionDate "2019.06.03"]
[SourceQuality "1"]

1. e4 g6 2. d4 Bg7 3. Nf3 d6 4. Bc4 Nf6 5. Qe2 0-0 6. e5 dxe5 7. dxe5 Nd5 8. 0-0 Bg4 9. Nbd2 Nc6 10. Qe4 Bxf3 11. Nxf3 Nb6 12. Bb3 Na5 13. Bg5 Nxb3 14. axb3 c6 15. Qh4 f6 16. Rad1 Qc8 17. Bh6 g5 18. Qh5 Qe8 19. Qxe8 Rfxe8 20. Bxg7 Kxg7 21. Rfe1 Rad8 22. h3 Kf7 23. g3 h5 24. Ra1 a6 25. exf6 exf6 26. Rxe8 Rxe8 27. Rd1 g4 28. hxg4 hxg4 29. Nh2 Re2 30. Rc1 f5 31. Kf1 Rd2 32. Ke1 Rd8 33. Rd1 Re8+ 34. Kf1 Rh8 35. Kg2 Re8 36. Kf1 Nd5 37. Rd3 Nf6 38. Re3 Rd8 39. Ke1 Ne4 40. Nf1 Rd5 41. Re2 Ra5 42. Ne3 Ra1+ 43. Nd1 0-1

[Event "IBCA Wch blind 14th"]
[Site "Cagliari"]
[Date "2019.04.11"]
[Round "6"]
[White "Rositsan, Boris"]
[Black "Ursic, Aleksander"]
[Result "0-1"]
[WhiteElo "2069"]
[BlackElo "1912"]
[PlyCount "99"]
[EventDate "2019.04.06"]
[EventType "swiss"]
[EventRounds "9"]
[EventCountry "ITA"]
[SourceTitle "CBM 189 Extra"]
[Source "ChessBase"]
[SourceDate "2019.06.03"]
[SourceVersion "1"]
[SourceVersionDate "2019.06.03"]
[SourceQuality "1"]

1. Nf3 d5 2. b3 Nf6 3. Bb2 Bf5 4. e3 e6 5. Ne5 Nbd7 6. d4 Bd6 7. Nd2 0-0 8. Be2 c6 9. g4 Be4 10. Rg1 h6 11. f3 Bh7 12. g5 hxg5 13. Bd3 Bxd3 14. cxd3 Bb4 15. a3 Ba5 16. b4 Bb6 17. Qe2 Nxe5 18. dxe5 Nd7 19. d4 a5 20. f4 gxf4 21. Qg4 g6 22. Nf3 Kg7 23. Ng5 Qe7 24. h4 Rh8 25. exf4 axb4 26. h5 Rxh5 27. Nxe6+ Kh8 28. Ng5 f5 29. Qg2 Nf6 30. Rh1 Kg7 31. Kd2 Ng4 32. axb4 Rxa1 33. Bxa1 Rxg5 34. fxg5 Qxg5+ 35. Ke1 Qc1+ 36. Ke2 Qc2+ 37. Kf3 Qb3+ 38. Kf4 Bd8 39. Qf3 Bg5+ 40. Kg3 Be3 41. e6 f4+ 42. Kg2 Qc2+ 43. Kf1 Nh2+ 44. Rxh2 Qxh2 45. Bc3 Kf6 46. Be1 Qh5 47. Qg2 Kxe6 48. b5 f3 49. bxc6 bxc6 50. Qh2 0-1

[Event "IBCA Wch blind 14th"]
[Site "Cagliari"]
[Date "2019.04.09"]
[Round "4"]
[White "Rositsan, Boris"]
[Black "Barnowski, Sylwester"]
[Result "1-0"]
[WhiteElo "2069"]
[BlackElo "1771"]
[PlyCount "83"]
[EventDate "2019.04.06"]
[EventType "swiss"]
[EventRounds "9"]
[EventCountry "ITA"]
[SourceTitle "CBM 189 Extra"]
[Source "ChessBase"]
[SourceDate "2019.06.03"]
[SourceVersion "1"]
[SourceVersionDate "2019.06.03"]
[SourceQuality "1"]

1. e4 Nf6 2. e5 Nd5 3. c4 Nb6 4. d4 d6 5. Nf3 Nc6 6. exd6 cxd6 7. d5 Nb4 8. a3 Na6 9. Nd4 g6 10. b4 Bg7 11. Bb2 0-0 12. Be2 e5 13. dxe6 fxe6 14. Ra2 Nc7 15. Qb3 Kh8 16. Nf3 e5 17. 0-0 Be6 18. Nbd2 Qe7 19. Qe3 Rf4 20. g3 Nxc4 21. Nxc4 Bxc4 22. gxf4 Bxa2 23. fxe5 dxe5 24. Bxe5 Bxe5 25. Nxe5 Re8 26. f4 a6 27. Bf3 Nb5 28. Rd1 Be6 29. a4 Nc7 30. Bxb7 Qxb4 31. Bc6 Rb8 32. Nxg6+ hxg6 33. Qe5+ Kg8 34. Qxc7 Qb6+ 35. Qxb6 Rxb6 36. Rd6 Rb1+ 37. Kf2 Rb2+ 38. Ke3 Bf5 39. Bd5+ Kg7 40. Rxa6 Rxh2 41. Ra7+ Kf6 42. Rf7# 1-0

[Event "IBCA Wch blind 14th"]
[Site "Cagliari"]
[Date "2019.04.06"]
[Round "1"]
[White "Christensen, Dan"]
[Black "Rositsan, Boris"]
[Result "0-1"]
[WhiteElo "1573"]
[BlackElo "2069"]
[PlyCount "50"]
[EventDate "2019.04.06"]
[EventType "swiss"]
[EventRounds "9"]
[EventCountry "ITA"]
[SourceTitle "CBM 189 Extra"]
[Source "ChessBase"]
[SourceDate "2019.06.03"]
[SourceVersion "1"]
[SourceVersionDate "2019.06.03"]
[SourceQuality "1"]

1. d4 Nf6 2. f4 c5 3. Nf3 cxd4 4. Qxd4 Nc6 5. Qd1 e6 6. e3 Bb4+ 7. Bd2 Nd5 8. c3 Bc5 9. Nd4 0-0 10. Qf3 Nf6 11. Bd3 e5 12. Nxc6 dxc6 13. Bc2 exf4 14. Qxf4 Re8 15. b4 Bxe3 16. Bxe3 Nd5 17. Bxh7+ Kxh7 18. Qxf7 Nxe3 19. Nd2 Nc2+ 20. Kd1 Nxa1 21. Rf1 Bg4+ 22. Kc1 Qd3 23. Kb2 Qxd2+ 24. Kxa1 Rf8 25. Rf2 Qc1# 0-1

[Event "LTU-ch blind"]
[Site "Vilnius"]
[Date "2019.03.05"]
[Round "6"]
[White "Rositsan, Boris"]
[Black "Novikovas, Anatolijus"]
[Result "1-0"]
[WhiteElo "2073"]
[BlackElo "1792"]
[PlyCount "127"]
[EventDate "2019.03.02"]
[EventType "tourn"]
[EventRounds "9"]
[EventCountry "LTU"]
[SourceTitle "CBM 189 Extra"]
[Source "ChessBase"]
[SourceDate "2019.06.03"]
[SourceVersion "1"]
[SourceVersionDate "2019.06.03"]
[SourceQuality "1"]

1. Nf3 d5 2. b3 c5 3. e3 Nc6 4. Bb5 Bg4 5. h3 Bh5 6. Bb2 e6 7. g4 Bg6 8. Ne5 Nge7 9. h4 h6 10. h5 Bh7 11. Qf3 f6 12. Nxc6 Nxc6 13. Nc3 Rc8 14. e4 d4 15. Ne2 a6 16. Bxc6+ Rxc6 17. Nf4 Qd7 18. d3 Bd6 19. 0-0-0 Bxf4+ 20. Qxf4 Qc7 21. Qd2 e5 22. f4 exf4 23. Rhf1 0-0 24. Qxf4 Qxf4+ 25. Rxf4 b5 26. Re1 Re8 27. Kd2 b4 28. Ra1 Rec8 29. a3 a5 30. Rff1 Kh8 31. axb4 axb4 32. Ra7 R6c7 33. Ra6 Rc6 34. Rfa1 Bg8 35. Rxc6 Rxc6 36. Ra8 Kh7 37. Ke2 Be6 38. Kf3 Bc8 39. Bc1 Kg8 40. Bf4 Kh7 41. Ra7 Be6 42. Rc7 Ra6 43. e5 f5 44. gxf5 Bxf5 45. Rxc5 g5 46. hxg6+ Rxg6 47. Rc7+ Kg8 48. Rc4 h5 49. Rxd4 h4 50. Bh2 h3 51. Rf4 Bd7 52. Rf6 Rg2 53. Bf4 Rxc2 54. Rh6 Rc3 55. Rd6 Bf5 56. Ke3 Rxb3 57. Bg3 Rb1 58. e6 h2 59. Bxh2 Re1+ 60. Kf4 Bxe6 61. Rb6 b3 62. Bg3 Re2 63. Kf3 Rc2 64. Rxe6 1-0

[Event "LTU-ch blind"]
[Site "Vilnius"]
[Date "2019.03.04"]
[Round "4"]
[White "Rositsan, Boris"]
[Black "Slusnys, Evaldas"]
[Result "1-0"]
[WhiteElo "2073"]
[BlackElo "1849"]
[PlyCount "77"]
[EventDate "2019.03.02"]
[EventType "tourn"]
[EventRounds "9"]
[EventCountry "LTU"]
[SourceTitle "CBM 189 Extra"]
[Source "ChessBase"]
[SourceDate "2019.06.03"]
[SourceVersion "1"]
[SourceVersionDate "2019.06.03"]
[SourceQuality "1"]

1. Nf3 Nf6 2. b3 d5 3. Bb2 Nc6 4. e3 Bg4 5. h3 Bh5 6. Bb5 a6 7. Bxc6+ bxc6 8. g4 Bg6 9. Ne5 Qd6 10. f4 Be4 11. 0-0 h5 12. d3 hxg4 13. dxe4 gxh3 14. Nxf7 Kxf7 15. e5 Qe6 16. f5 Qc8 17. exf6 exf6 18. Qg4 Qe8 19. Rf3 h2+ 20. Kh1 Qe4 21. Qxe4 dxe4 22. Rf4 Rd8 23. Nc3 Rd2 24. Rc1 Bd6 25. Rxe4 Rh5 26. Rc4 Rxf5 27. Ne4 Re2 28. Nxd6+ cxd6 29. Rxc6 g5 30. Rc4 Rff2 31. Ba3 Ke6 32. Rc6 g4 33. Bxd6 Kd5 34. Rxa6 Rf3 35. e4+ Kd4 36. Rd1+ Kxe4 37. Bxh2 Rxc2 38. Bb8 f5 39. Re6# 1-0

[Event "LTU-ch blind"]
[Site "Vilnius"]
[Date "2019.03.04"]
[Round "5"]
[White "Rutkauskas, Gediminas"]
[Black "Rositsan, Boris"]
[Result "1/2-1/2"]
[WhiteElo "1806"]
[BlackElo "2073"]
[PlyCount "50"]
[EventDate "2019.03.02"]
[EventType "tourn"]
[EventRounds "9"]
[EventCountry "LTU"]
[SourceTitle "CBM 189 Extra"]
[Source "ChessBase"]
[SourceDate "2019.06.03"]
[SourceVersion "1"]
[SourceVersionDate "2019.06.03"]
[SourceQuality "1"]

1. e4 g6 2. d4 Bg7 3. c4 d6 4. f4 Nf6 5. Nc3 0-0 6. Nf3 Bg4 7. Be2 c6 8. Rb1 Nbd7 9. 0-0 Bxf3 10. Bxf3 e5 11. Be3 Qc7 12. Ne2 Rfe8 13. fxe5 dxe5 14. d5 cxd5 15. cxd5 Qc4 16. b3 Qb4 17. Qd2 a5 18. Rfc1 h5 19. Rc4 Qa3 20. Ra4 Qd6 21. Rxa5 Rxa5 22. Qxa5 Nxd5 23. Qxd5 Qxd5 24. exd5 e4 25. Bxh5 gxh5 1/2-1/2

[Event "Wch Seniors 65 28th"]
[Site "Bled"]
[Date "2018.11.27"]
[Round "9"]
[White "Rositsan, Boris"]
[Black "Hewson, Brian Wr"]
[Result "1-0"]
[WhiteElo "2077"]
[BlackElo "2000"]
[PlyCount "83"]
[EventDate "2018.11.18"]
[EventType "swiss"]
[EventRounds "11"]
[EventCountry "SLO"]
[SourceTitle "CBM 187 Extra"]
[Source "ChessBase"]
[SourceDate "2018.11.04"]
[SourceVersion "1"]
[SourceVersionDate "2018.11.04"]
[SourceQuality "1"]

1. e4 c6 2. d4 d5 3. exd5 cxd5 4. c4 Nf6 5. Nc3 Nc6 6. Nf3 Bg4 7. cxd5 Nxd5 8. h3 Bxf3 9. Qxf3 e6 10. Bb5 Rc8 11. Nxd5 Qxd5 12. Qxd5 exd5 13. Be3 Bb4+ 14. Ke2 0-0 15. Rac1 Na5 16. Bd7 Rcd8 17. Bg4 f5 18. Bf3 f4 19. a3 fxe3 20. axb4 Nb3 21. Rcd1 a5 22. Rd3 a4 23. fxe3 Rfe8 24. Kf2 Rd6 25. Rc3 b6 26. b5 Kf8 27. Rc6 Ke7 28. Rc7+ Kf6 29. g4 Re7 30. Rc6 Ke6 31. Rc8 Rf7 32. Ke2 Rdd7 33. Rc6+ Rd6 34. Rc8 Ra7 35. g5 Ke7 36. Rc3 h6 37. gxh6 gxh6 38. Rg1 Kf6 39. Rc6 Rad7 40. Bxd5 Nxd4+ 41. exd4 Rxc6 42. bxc6 1-0

[Event "Wch Seniors 65 28th"]
[Site "Bled"]
[Date "2018.11.22"]
[Round "5"]
[White "Rositsan, Boris"]
[Black "Bondar, Leonid"]
[Result "1-0"]
[WhiteElo "2077"]
[BlackElo "1931"]
[PlyCount "81"]
[EventDate "2018.11.18"]
[EventType "swiss"]
[EventRounds "11"]
[EventCountry "SLO"]
[SourceTitle "CBM 187 Extra"]
[Source "ChessBase"]
[SourceDate "2018.11.04"]
[SourceVersion "1"]
[SourceVersionDate "2018.11.04"]
[SourceQuality "1"]

1. d4 Nf6 2. Nf3 e6 3. Bg5 Be7 4. e3 h6 5. Bh4 c5 6. c3 cxd4 7. exd4 d5 8. Nbd2 Nc6 9. Bd3 Qb6 10. Qc2 Bd7 11. Ne5 Rc8 12. Bxf6 Nb4 13. Qb1 Nxd3+ 14. Nxd3 Bxf6 15. 0-0 0-0 16. Re1 Qc7 17. Nf3 Be7 18. Nde5 Be8 19. Qd3 b5 20. a3 a5 21. Rec1 Qb7 22. b4 Ra8 23. Qe3 Qc7 24. Nd3 Bd6 25. Nfe5 f6 26. Nf3 Bf7 27. g3 Rfe8 28. Nh4 Ra7 29. f4 Rea8 30. Nc5 Re8 31. Qd3 Qc6 32. Re1 e5 33. fxe5 fxe5 34. Nf5 e4 35. Qe2 Bf8 36. Rf1 Rea8 37. Qe3 Qb6 38. bxa5 Qc6 39. a6 Bxc5 40. dxc5 Qxa6 41. Nd4 1-0

[Event "Wch Seniors 65 28th"]
[Site "Bled"]
[Date "2018.11.19"]
[Round "2"]
[White "Boehnisch, Manfred"]
[Black "Rositsan, Boris"]
[Result "1-0"]
[WhiteElo "2261"]
[BlackElo "2077"]
[PlyCount "75"]
[EventDate "2018.11.18"]
[EventType "swiss"]
[EventRounds "11"]
[EventCountry "SLO"]
[SourceTitle "CBM 187 Extra"]
[Source "ChessBase"]
[SourceDate "2018.11.04"]
[SourceVersion "1"]
[SourceVersionDate "2018.11.04"]
[SourceQuality "1"]

1. e4 c5 2. Nf3 Nc6 3. Bb5 g6 4. 0-0 Bg7 5. Re1 Nf6 6. c3 Qb6 7. Na3 0-0 8. e5 Ne8 9. d4 cxd4 10. cxd4 d5 11. h3 Bf5 12. Bg5 f6 13. exf6 Nxf6 14. Bxc6 bxc6 15. Rxe7 Qxb2 16. Qc1 Rfb8 17. Ne5 Ne4 18. Qxb2 Rxb2 19. Bc1 Rxf2 20. Nxc6 Re2 21. Nb5 a6 22. Nc7 Rc8 23. Bf4 Bf8 24. g4 Bxe7 25. Nxe7+ Kf7 26. Nxc8 Bxc8 27. Rf1 Kg7 28. Be5+ Kh6 29. Rf8 Bd7 30. Rf7 Bb5 31. Nxb5 axb5 32. h4 Re1+ 33. Kg2 g5 34. h5 Re2+ 35. Kf1 Rf2+ 36. Rxf2 Nxf2 37. Kxf2 b4 38. Bd6 1-0

[Event "Vilnius Zavanelli Memorial op-B"]
[Site "Vilnius"]
[Date "2018.10.27"]
[Round "4"]
[White "Rositsan, Boris"]
[Black "Pidluznij, Gleb"]
[Result "1-0"]
[WhiteElo "2077"]
[BlackElo "1878"]
[PlyCount "45"]
[EventDate "2018.10.25"]
[EventType "swiss"]
[EventRounds "7"]
[EventCountry "LTU"]
[SourceTitle "CBM 187 Extra"]
[Source "ChessBase"]
[SourceDate "2018.11.04"]
[SourceVersion "1"]
[SourceVersionDate "2018.11.04"]
[SourceQuality "1"]

1. d4 Nf6 2. Nf3 g6 3. Bg5 Bg7 4. e3 0-0 5. Bd3 c5 6. c3 b6 7. Nbd2 Bb7 8. Qc2 d6 9. h4 Nbd7 10. 0-0-0 cxd4 11. exd4 h6 12. h5 gxh5 13. Be3 Ng4 14. Rxh5 Nxe3 15. fxe3 Nf6 16. Rh3 e5 17. Nh4 Bc8 18. Nf5 Bxf5 19. Bxf5 Qe7 20. g4 exd4 21. exd4 Nd7 22. g5 Kh8 23. Rdh1 1-0

[Event "Vilnius Zavanelli Memorial op-B"]
[Site "Vilnius"]
[Date "2018.10.26"]
[Round "2"]
[White "Rositsan, Boris"]
[Black "Slusnys, Evaldas"]
[Result "1/2-1/2"]
[WhiteElo "2077"]
[BlackElo "1846"]
[PlyCount "52"]
[EventDate "2018.10.25"]
[EventType "swiss"]
[EventRounds "7"]
[EventCountry "LTU"]
[SourceTitle "CBM 187 Extra"]
[Source "ChessBase"]
[SourceDate "2018.11.04"]
[SourceVersion "1"]
[SourceVersionDate "2018.11.04"]
[SourceQuality "1"]

1. d4 Nf6 2. Nf3 g6 3. Bg5 Bg7 4. Nbd2 c5 5. c3 cxd4 6. cxd4 d5 7. Rc1 0-0 8. e3 Bg4 9. Qb3 Bxf3 10. gxf3 Nbd7 11. Bh3 e6 12. 0-0 Qa5 13. Rc3 Rac8 14. Rfc1 Rxc3 15. Rxc3 Nb6 16. Qc2 Nc4 17. Nxc4 dxc4 18. Bxf6 Bxf6 19. Rxc4 e5 20. b4 Qd8 21. Rc8 Qd5 22. Rxf8+ Kxf8 23. Qc5+ Qxc5 24. dxc5 Ke8 25. Kf1 Kd8 26. Ke2 Kc7 1/2-1/2

[Event "EU-Cup 33rd"]
[Site "Antalya"]
[Date "2017.10.14"]
[Round "7.6"]
[White "Sulava, Nenad"]
[Black "Rositsan, Boris"]
[Result "1-0"]
[WhiteElo "2442"]
[BlackElo "2087"]
[PlyCount "125"]
[EventDate "2017.10.08"]
[EventType "team-swiss"]
[EventRounds "7"]
[EventCountry "TUR"]
[SourceTitle "CBM 181"]
[Source "ChessBase"]
[SourceDate "2017.11.10"]
[SourceVersion "1"]
[SourceVersionDate "2017.11.10"]
[SourceQuality "1"]
[WhiteTeam "Nice Alekhine"]
[BlackTeam "Makabi LSK"]
[WhiteTeamCountry "FRA"]
[BlackTeamCountry "LTU"]

1. d4 Nf6 2. Nf3 c5 3. c3 b6 4. dxc5 bxc5 5. e4 Bb7 6. e5 Nd5 7. Bd3 Nb6 8. Nbd2 g6 9. 0-0 Bg7 10. Re1 0-0 11. Ne4 c4 12. Bc2 Na6 13. Bf4 Rc8 14. Qd2 Bxe4 15. Bxe4 Nc5 16. Bh6 Nba4 17. Rab1 Qb6 18. Bc2 Qa5 19. Nd4 Ne6 20. Bxg7 Kxg7 21. Re4 Nac5 22. Rh4 Rh8 23. Nxe6+ Nxe6 24. f4 h6 25. Kh1 Qc5 26. Rf1 Nf8 27. Rh3 Rc6 28. Re3 Rb6 29. b4 cxb3 30. axb3 e6 31. b4 Qc7 32. Bd3 d5 33. exd6 Rxd6 34. Qb2 Nd7 35. c4+ Kh7 36. c5 Rd5 37. Be4 Rh5 38. Rd3 Rb8 39. Qd4 Nf8 40. Bf3 Rf5 41. g3 a5 42. bxa5 Qxa5 43. c6 Rc5 44. Ra1 Qb6 45. Rd2 h5 46. Qa4 Kg8 47. Kg2 h4 48. Raa2 Rc1 49. Qa7 Qb5 50. Qf2 e5 51. Rab2 e4 52. Rxb5 exf3+ 53. Qxf3 Rxb5 54. Qa3 Rbc5 55. Rd8 Kg7 56. Qb2+ Kg8 57. Qb8 h3+ 58. Kxh3 Rh5+ 59. Kg2 Rc2+ 60. Kf3 Rhxh2 61. Rxf8+ Kg7 62. Rg8+ Kf6 63. Qe5# 1-0

[Event "EU-Cup 33rd"]
[Site "Antalya"]
[Date "2017.10.12"]
[Round "5.6"]
[White "Csonka, Attila Istvan"]
[Black "Rositsan, Boris"]
[Result "1-0"]
[WhiteElo "2347"]
[BlackElo "2087"]
[PlyCount "153"]
[EventDate "2017.10.08"]
[EventType "team-swiss"]
[EventRounds "7"]
[EventCountry "TUR"]
[SourceTitle "CBM 181"]
[Source "ChessBase"]
[SourceDate "2017.11.10"]
[SourceVersion "1"]
[SourceVersionDate "2017.11.10"]
[SourceQuality "1"]
[WhiteTeam "Dunajska Streda"]
[BlackTeam "Makabi LSK"]
[WhiteTeamCountry "SVK"]
[BlackTeamCountry "LTU"]

1. e4 g6 2. d4 Bg7 3. Nf3 d6 4. Bc4 Nf6 5. Qe2 0-0 6. Bb3 Bg4 7. Nc3 c6 8. Bg5 a5 9. e5 Bxf3 10. Qxf3 dxe5 11. dxe5 a4 12. Nxa4 Qa5+ 13. Qc3 Ne4 14. Qxa5 Rxa5 15. Bxe7 Re8 16. Bb4 Raxe5 17. 0-0 b5 18. Nc3 Nd2 19. Bd6 Nxb3 20. axb3 R5e6 21. Bxb8 Rxb8 22. Rfe1 Rxe1+ 23. Rxe1 b4 24. Na4 Rd8 25. Kf1 Rd2 26. Re8+ Bf8 27. c3 Kg7 28. Ke1 Rd6 29. Ke2 Rd5 30. Rc8 Rd6 31. Nc5 Rd5 32. Nd3 c5 33. g4 h5 34. h3 Be7 35. c4 Rd4 36. f3 hxg4 37. hxg4 f5 38. gxf5 gxf5 39. Nxc5 Rh4 40. Nd3 Rh2+ 41. Kf1 Rd2 42. Nf4 Bh4 43. Rc7+ Kg8 44. Rb7 Rf2+ 45. Kg1 Rxf3 46. Nd5 f4 47. Rxb4 Bg3 48. c5 Rd3 49. Nxf4 Rd2 50. c6 Rc2 51. Nd3 Bh2+ 52. Kh1 Bc7 53. Rc4 Rd2 54. Nb4 Rxb2 55. Nd5 Bd6 56. b4 Kf7 57. c7 Bxc7 58. Nxc7 Ke7 59. Kg1 Kd7 60. Nd5 Kd6 61. Nc3 Kd7 62. Kf1 Kd6 63. Ke1 Kd7 64. Kd1 Rh2 65. Kc1 Rg2 66. b5 Rh2 67. b6 Rh1+ 68. Kb2 Rh8 69. Kb3 Rb8 70. Na4 Kd6 71. Kb4 Kd5 72. Kb5 Ra8 73. b7 Rb8 74. Nb6+ Kd6 75. Ka6 Rg8 76. Nc8+ Kd5 77. Ne7+ 1-0

[Event "IBCA-ol blind 15th"]
[Site "Ohrid"]
[Date "2017.06.28"]
[Round "9.1"]
[White "Rositsan, Boris"]
[Black "Znuderl, Matej"]
[Result "1-0"]
[WhiteElo "2098"]
[BlackElo "1964"]
[PlyCount "73"]
[EventDate "2017.06.19"]
[EventType "team-swiss"]
[EventRounds "9"]
[EventCountry "MKD"]
[SourceTitle "CBM 179 Extra"]
[Source "ChessBase"]
[SourceDate "2017.08.23"]
[SourceVersion "1"]
[SourceVersionDate "2017.08.23"]
[SourceQuality "1"]
[WhiteTeam "Lithuania"]
[BlackTeam "Slovenia"]
[WhiteTeamCountry "LTU"]
[BlackTeamCountry "SLO"]

1. e4 c5 2. Nf3 d6 3. d4 cxd4 4. Nxd4 Nf6 5. Nc3 a6 6. Bc4 e6 7. Bb3 Nbd7 8. f4 Nc5 9. Qf3 Be7 10. g4 h6 11. f5 e5 12. Nde2 Nxb3 13. axb3 Bd7 14. Be3 b5 15. 0-0 b4 16. Nd5 Nxd5 17. exd5 Bg5 18. Ng3 Bb5 19. Rf2 Bxe3 20. Qxe3 Rb8 21. Nh5 Rg8 22. f6 g6 23. Ng7+ Kd7 24. c3 Kc8 25. c4 Bd7 26. Rxa6 Bxg4 27. c5 Bd7 28. Rxd6 Qa5 29. c6 Bf5 30. c7 Rb7 31. Rd8+ Rxd8 32. cxd8Q+ Kxd8 33. Qxe5 Qc5 34. Qe8+ Kc7 35. Nxf5 gxf5 36. Qxf7+ Kb8 37. Qg8+ 1-0

[Event "LTU-ch"]
[Site "Vilnius"]
[Date "2017.03.03"]
[Round "9"]
[White "Rositsan, Boris"]
[Black "Paknys, Mindaugas"]
[Result "1-0"]
[WhiteElo "2097"]
[BlackElo "1836"]
[PlyCount "83"]
[EventDate "2017.02.25"]
[EventType "swiss"]
[EventRounds "9"]
[EventCountry "LTU"]
[SourceTitle "CBM 177 Extra"]
[Source "ChessBase"]
[SourceDate "2017.04.27"]
[SourceVersion "1"]
[SourceVersionDate "2017.04.27"]
[SourceQuality "1"]

1. e4 e6 2. d4 d5 3. Nc3 Bb4 4. e5 c5 5. Bd2 Ne7 6. Nb5 Bxd2+ 7. Qxd2 0-0 8. c3 Nbc6 9. Nd6 f6 10. f4 fxe5 11. fxe5 cxd4 12. cxd4 Qb6 13. Nf3 Ng6 14. 0-0-0 Na5 15. Ng5 Qc6+ 16. Kb1 Nc4 17. Bxc4 dxc4 18. Qc2 Bd7 19. h4 Qa4 20. Qxa4 Bxa4 21. Nxe6 Rf2 22. Rdf1 Rxg2 23. Rhg1 Rxg1 24. Rxg1 Bd7 25. Nc5 Bc6 26. h5 Nf4 27. Nf5 Nxh5 28. d5 Be8 29. Ne7+ Kf7 30. d6 Nf4 31. Rf1 g5 32. e6+ Kf6 33. Nd5+ Ke5 34. Nxf4 Kxd6 35. Ne4+ Ke5 36. Nxg5 Bc6 37. Nf7+ Ke4 38. e7 b5 39. Nd8 Be8 40. Nde6 c3 41. Nc7 c2+ 42. Kc1 1-0

[Event "LTU-ch"]
[Site "Vilnius"]
[Date "2017.03.02"]
[Round "8"]
[White "Pultinevicius, Paulius"]
[Black "Rositsan, Boris"]
[Result "1-0"]
[WhiteElo "2391"]
[BlackElo "2097"]
[PlyCount "87"]
[EventDate "2017.02.25"]
[EventType "swiss"]
[EventRounds "9"]
[EventCountry "LTU"]
[SourceTitle "CBM 177 Extra"]
[Source "ChessBase"]
[SourceDate "2017.04.27"]
[SourceVersion "1"]
[SourceVersionDate "2017.04.27"]
[SourceQuality "1"]

1. e4 d5 2. exd5 Qxd5 3. Nc3 Qa5 4. d4 Nf6 5. Nf3 Bg4 6. h3 Bh5 7. g4 Bg6 8. Ne5 e6 9. Bg2 Be4 10. Bxe4 Nxe4 11. Qf3 Nd6 12. 0-0 f6 13. Nd3 Nc6 14. d5 Nd4 15. Qd1 N6b5 16. Nxb5 Qxb5 17. c3 h5 18. cxd4 hxg4 19. Qb3 Qxb3 20. axb3 0-0-0 21. hxg4 Rxd5 22. Be3 Rh4 23. f3 e5 24. Kg2 exd4 25. Bf2 Rh6 26. Rxa7 Bd6 27. Rh1 Rxh1 28. Kxh1 Rb5 29. b4 Bxb4 30. Ra8+ Kd7 31. Ra4 c5 32. Nxb4 cxb4 33. Bxd4 Ke6 34. b3 f5 35. Kg2 fxg4 36. fxg4 Kd5 37. Bxg7 Ke4 38. Bf8 Rg5 39. Rxb4+ Kd3 40. Be7 Rg7 41. Bf6 Rc7 42. Kf3 Rc6 43. Rd4+ Kc2 44. Rc4+ 1-0

[Event "LTU-ch"]
[Site "Vilnius"]
[Date "2017.02.28"]
[Round "5"]
[White "Rositsan, Boris"]
[Black "Leclere, Daniel"]
[Result "1-0"]
[WhiteElo "2097"]
[BlackElo "1418"]
[PlyCount "93"]
[EventDate "2017.02.25"]
[EventType "swiss"]
[EventRounds "9"]
[EventCountry "LTU"]
[SourceTitle "CBM 177 Extra"]
[Source "ChessBase"]
[SourceDate "2017.04.27"]
[SourceVersion "1"]
[SourceVersionDate "2017.04.27"]
[SourceQuality "1"]

1. e4 c5 2. Nf3 Nc6 3. d4 cxd4 4. Nxd4 Nf6 5. Nxc6 bxc6 6. Bd3 e5 7. Nd2 d5 8. 0-0 Bc5 9. exd5 cxd5 10. Nb3 Bb6 11. Bg5 0-0 12. c4 e4 13. Be2 Bb7 14. c5 Bc7 15. Qd4 Re8 16. Bxf6 Qxf6 17. Qxf6 gxf6 18. c6 Bc8 19. Rfd1 Be6 20. Nd4 Be5 21. Ba6 Bxd4 22. Rxd4 Rab8 23. b4 Bc8 24. Be2 Rb6 25. b5 Be6 26. a4 a5 27. bxa6 Rxc6 28. Bb5 Rec8 29. Bxc6 Rxc6 30. a5 Rxa6 31. Rb4 Kg7 32. Kf1 Bc8 33. Ke2 Kg6 34. Ke3 Kf5 35. Kd4 Ke6 36. Rb6+ Kd7 37. Rxa6 Bxa6 38. Kxd5 Bb7+ 39. Kc5 Kc7 40. a6 Ba8 41. Rb1 f5 42. g3 f6 43. a7 Bb7 44. h4 h5 45. Rb6 e3 46. fxe3 f4 47. gxf4 1-0

[Event "LTU-ch"]
[Site "Vilnius"]
[Date "2017.02.27"]
[Round "4"]
[White "Pluta, Paulius"]
[Black "Rositsan, Boris"]
[Result "1/2-1/2"]
[WhiteElo "1708"]
[BlackElo "2097"]
[PlyCount "36"]
[EventDate "2017.02.25"]
[EventType "swiss"]
[EventRounds "9"]
[EventCountry "LTU"]
[SourceTitle "CBM 177 Extra"]
[Source "ChessBase"]
[SourceDate "2017.04.27"]
[SourceVersion "1"]
[SourceVersionDate "2017.04.27"]
[SourceQuality "1"]

1. e4 c5 2. c3 e6 3. d4 d5 4. exd5 exd5 5. Be3 b6 6. Bb5+ Bd7 7. Bxd7+ Qxd7 8. Nf3 Nc6 9. 0-0 Nf6 10. Re1 Be7 11. dxc5 b5 12. Nd4 0-0 13. Nxc6 Qxc6 14. b4 a5 15. Nd2 Ne4 16. Nxe4 dxe4 17. a3 Bf6 18. Qc2 Rfd8 1/2-1/2

[Event "IBCA EU-chT blind 01st"]
[Site "Warsaw"]
[Date "2016.07.30"]
[Round "7.1"]
[White "Palacios Perez, Manuel"]
[Black "Rositsan, Boris"]
[Result "1-0"]
[WhiteElo "2163"]
[BlackElo "2091"]
[PlyCount "69"]
[EventDate "2016.07.24"]
[EventType "team-swiss"]
[EventRounds "9"]
[EventCountry "POL"]
[SourceTitle "CBM 173 Extra"]
[Source "ChessBase"]
[SourceDate "2016.08.29"]
[SourceVersion "1"]
[SourceVersionDate "2016.08.29"]
[SourceQuality "1"]
[WhiteTeam "Spain"]
[BlackTeam "Lithuania"]
[WhiteTeamCountry "ESP"]
[BlackTeamCountry "LTU"]

1. d4 d5 2. c4 c6 3. Nf3 Nf6 4. Nc3 e6 5. Bg5 dxc4 6. e3 b5 7. Be2 h6 8. Bh4 Bb7 9. 0-0 Nbd7 10. a4 a6 11. Qc2 Qb6 12. a5 Qc7 13. e4 Bb4 14. Bg3 Qd8 15. Bh4 g5 16. Bg3 Bxa5 17. h4 Nh5 18. Bd6 Bc7 19. Bxc7 Qxc7 20. e5 f5 21. exf6 0-0-0 22. b3 cxb3 23. Qxb3 Nf4 24. Rfe1 c5 25. Bxb5 Nxg2 26. Rxe6 Nb8 27. Re7 Qb6 28. Na4 Qxf6 29. Rxb7 Kxb7 30. Nxc5+ Kc7 31. Ne4 Qf4 32. Qc4+ Kb6 33. Qc5+ Kb7 34. Bxa6+ Nxa6 35. Rb1+ 1-0